00000000nam 2200000zi 4500
0019.561015
003CaOODSP
00520221221111744
007cr |||||||||||
008150406s2001    xxc|||||o    f|0| 0 eng d
040 |aCaOODSP|beng
043 |an-cn---
0861 |aYM32-6/01-25E-PDF
1001 |aHaggart, Blayne, |eauthor.
24510|aFortress North America? What "perimeter security" means for Canada : |bseminar report / |cBlayne Haggart.
24610|aSeminar report
264 1|bLibrary of Parliament, |cDecember 18, 2001.
300 |a1 online resource (1 volume (12 pages))
336 |atext|btxt|2rdacontent
337 |acomputer|bc|2rdamedia
338 |aonline resource|bcr|2rdacarrier
4901 |a[Modular backgrounders] ; |vPRB 01-25E
590 |a07-01-Supp|b2007-01-31
69007|aNational security|2gcpds
69007|aTerrorism|2gcpds
7101 |aCanada.|bLibrary of Parliament. |bParliamentary Research Branch, |eissuing body.
77508|tLa forteresse Amérique du Nord? Ce qu'implique la «sécurité du périmètre» pour le Canada : |w(CaOODSP)9.593634
830#0|a[Modular backgrounders]|vPRB 01-25E|w(CaOODSP)9.504922
85640|ahttp://publications.gc.ca|qPDF|s141 KB|uhttps://publications.gc.ca/collections/Collection-R/LoPBdP/PRB-e/PRB0125-e.pdf|yPRB 01-25E